El monasterio de Santa Clara de Ribadeo : (Record n. 13093)
[ formato base ]
| 000 -LEADER | |
|---|---|
| fixed length control field | 01100nam a2200265 i 4500 |
| 003 - CONTROL NUMBER IDENTIFIER | |
| control field | IT-RoINE |
| 005 - DATE AND TIME OF LATEST TRANSACTION | |
| control field | 20161019150509.0 |
| 008 - FIXED-LENGTH DATA ELEMENTS--GENERAL INFORMATION | |
| fixed length control field | 910508s1988 sp eo r |||0|||spa d |
| 020 ## - INTERNATIONAL STANDARD BOOK NUMBER | |
| International Standard Book Number | 8440436629 |
| 040 ## - CATALOGING SOURCE | |
| Original cataloging agency | SpMaBN |
| Transcribing agency | SpMaBN IT-RoINE |
| Modifying agency | IT-RoINE |
| 100 ## - MAIN ENTRY--PERSONAL NAME | |
| Personal name | Castro, Manuel de, |
| Titles and other words associated with a name | O.F.M., |
| Dates associated with a name | 1918- |
| 9 (RLIN) | 14676 |
| 245 13 - TITLE STATEMENT | |
| Title | El monasterio de Santa Clara de Ribadeo : |
| Remainder of title | historia y colección documental / |
| Statement of responsibility, etc | Manuel de Castro, Mª Ángeles de la Cruz. |
| 260 ## - PUBLICATION, DISTRIBUTION, ETC. (IMPRINT) | |
| Place of publication, distribution, etc | El Ferrol : |
| Name of publisher, distributor, etc | Estudios Mindonienses, |
| Date of publication, distribution, etc | 1988. |
| 300 ## - PHYSICAL DESCRIPTION | |
| Extent | 151 p., [12] p. de lám. : |
| Other physical details | planos, fot. ; |
| Dimensions | 24 cm. |
| 336 ## - CONTENT TYPE | |
| Source | rdacontent |
| Content type term | text |
| 337 ## - MEDIA TYPE | |
| Source | rdamedia |
| Media type term | unmediated |
| 338 ## - CARRIER TYPE | |
| Source | rdacarrier |
| Carrier type term | volume |
| 490 1# - SERIES STATEMENT | |
| Series statement | Publicaciones de Estudios mindonienses y Caixa Galicia ; |
| Volume number/sequential designation | 2 |
| 500 ## - GENERAL NOTE | |
| General note | Incluye apéndice documental. |
| 504 ## - BIBLIOGRAPHY, ETC. NOTE | |
| Bibliography, etc | Incluye referencias bibliográficas en notas. |
| 610 24 - SUBJECT ADDED ENTRY--CORPORATE NAME | |
| Corporate name or jurisdiction name as entry element | Monasterio de Santa Clara (Ribadeo, España) |
| General subdivision | Historia |
| -- | Fuentes |
| 9 (RLIN) | 26618 |
| 700 1# - ADDED ENTRY--PERSONAL NAME | |
| Personal name | Cruz, María Ángeles de la, |
| Titles and other words associated with a name | O.S.C. |
| 9 (RLIN) | 26619 |
| 830 #0 - SERIES ADDED ENTRY--UNIFORM TITLE | |
| Uniform title | Publicaciones de Estudios mindonienses y Caixa Galicia ; |
| 9 (RLIN) | 26620 |
| Volume number/sequential designation | 2 |
| 942 ## - ADDED ENTRY ELEMENTS (KOHA) | |
| Item type | Monografías |
| Withdrawn status | Lost status | Damaged status | Not for loan | Home library | Current library | Date acquired | Total Checkouts | Full call number | Barcode | Date last seen | Price effective from | Koha item type |
|---|---|---|---|---|---|---|---|---|---|---|---|---|
| Iglesia Nacional Española en Roma | Iglesia Nacional Española en Roma | 07/10/2016 | HIS.ECL.ESP 373 | 29426 | 07/10/2016 | 07/10/2016 | Monografías |